000
00322nam a2200121Ia 4500
008
241028s9999 xx 000 0 und d
041
_a
eng
082
_a
337 SAL
100
_a
Salvatore,Sharma
245
_a
International Economics An Indian Adaptation
260
_b
Wiley India
_a
New Delhi
_c
2021
300
_a
660;. P. 25 cm
999
_c
43014
_d
43014